Coro "Stella Alpina" (Lp 20041) (Record n. 102466)
[ formato base ]
| 000 -LEADER | |
|---|---|
| fixed length control field | 01852njm a2200361Ia 4500 |
| 001 - CONTROL NUMBER | |
| control field | 23938 |
| 003 - CONTROL NUMBER IDENTIFIER | |
| control field | IT-RoPAU |
| 005 - DATE AND TIME OF LATEST TRANSACTION | |
| control field | 20220918181155.0 |
| 008 - FIXED-LENGTH DATA ELEMENTS--GENERAL INFORMATION | |
| fixed length control field | 131025s9999 xx 000 0 und d |
| 040 ## - CATALOGING SOURCE | |
| Original cataloging agency | IT-RoPAU |
| 040 ## - CATALOGING SOURCE | |
| Transcribing agency | IT-RoPAU |
| 041 ## - LANGUAGE CODE | |
| Language code of text/sound track or separate title | ITALIANO |
| 999 ## - SYSTEM CONTROL NUMBERS (KOHA) | |
| Koha Dewey Subclass [OBSOLETE] | n.d. |
| 100 ## - MAIN ENTRY--PERSONAL NAME | |
| Personal name | AA.VV. |
| 9 (RLIN) | 794 |
| 100 ## - MAIN ENTRY--PERSONAL NAME | |
| Relator term | Autore musica |
| 9 (RLIN) | 7719 |
| 100 ## - MAIN ENTRY--PERSONAL NAME | |
| Miscellaneous information | Codice autore musica SPICS: 12000 |
| 9 (RLIN) | 796 |
| 245 ## - TITLE STATEMENT | |
| Title | Coro "Stella Alpina" (Lp 20041) |
| 250 ## - EDITION STATEMENT | |
| Edition statement | 1a ed. |
| 260 ## - PUBLICATION, DISTRIBUTION, ETC. (IMPRINT) | |
| Place of publication, distribution, etc. | MILANO |
| 260 ## - PUBLICATION, DISTRIBUTION, ETC. (IMPRINT) | |
| Name of publisher, distributor, etc. | COMBO RECORD |
| Date of publication, distribution, etc. | 1970 [1a Ed.:1970] |
| 300 ## - PHYSICAL DESCRIPTION | |
| Extent | DISCO |
| 500 ## - GENERAL NOTE | |
| General note | Canti popolari. Canti di montagna. |
| 505 ## - FORMATTED CONTENTS NOTE | |
| Formatted contents note | Monte Nero (canto degli alpini) - Dove sei stato mio bell'alpino (canto degli alpini) - Sul ponte di Bassano (canto degli alpini) - Quel mazzolin di fiori (canto popolare lombardo) - O Dio del cielo (canto popolare lombardo) - Addio mia bella, addio (canto patriottico) - Dove te vett o Mariettina (canto popolare lombardo) - Monte Canino (canto degli alpini) - Il testamento del capitano (canto degli alpini) - Stelutis alpinis (canto friulano) - Vola vola vola - Monte Cauriol (canto degli alpini). |
| 511 ## - PARTICIPANT OR PERFORMER NOTE | |
| Participant or performer note | Coro Stella Alpina |
| 650 ## - SUBJECT ADDED ENTRY--TOPICAL TERM | |
| Topical term or geographic name as entry element | POPOLARE [DISCHI] |
| Relator term | Codice MATERIA SPICS: 9950 |
| 9 (RLIN) | 7720 |
| 700 ## - ADDED ENTRY--PERSONAL NAME | |
| Personal name | Coro Stella Alpina di Somma Lombardo |
| Dates associated with a name | Codice interprete SPICS: 14064 |
| Relator term | Interprete |
| 9 (RLIN) | 7721 |
| 700 ## - ADDED ENTRY--PERSONAL NAME | |
| Personal name | Anonimo |
| Dates associated with a name | Codice autore musica SPICS: 2620 |
| Relator term | Autore musica |
| 9 (RLIN) | 7722 |
| 700 ## - ADDED ENTRY--PERSONAL NAME | |
| Personal name | Zardini Arturo |
| Dates associated with a name | Codice autore musica SPICS: 14265 |
| Relator term | Autore musica |
| Name of part/section of a work | Stelutis alpinis |
| 9 (RLIN) | 7723 |
| 700 ## - ADDED ENTRY--PERSONAL NAME | |
| Personal name | Albanese Francesco |
| Dates associated with a name | Codice autore musica SPICS: 13467 |
| Relator term | Autore musica |
| Name of part/section of a work | Vola vola vola |
| 9 (RLIN) | 7724 |
| 700 ## - ADDED ENTRY--PERSONAL NAME | |
| Personal name | Dommarco |
| Dates associated with a name | Codice autore testo/musica SPICS: 14229 |
| Relator term | Autore testo/musica |
| Name of part/section of a work | Vola vola vola |
| 9 (RLIN) | 7725 |
| 700 ## - ADDED ENTRY--PERSONAL NAME | |
| Personal name | Graziola |
| Dates associated with a name | Codice autore musica SPICS: 26375 |
| Relator term | Autore musica |
| Name of part/section of a work | Monte Cauriol |
| 9 (RLIN) | 7726 |
| 942 ## - ADDED ENTRY ELEMENTS (KOHA) | |
| Koha item type | DISCHI |
| Source of classification or shelving scheme | Dewey Decimal Classification |
| Withdrawn status | Lost status | Damaged status | Not for loan | Home library | Current library | Date acquired | Total Checkouts | Full call number | Date last seen | Price effective from | Koha item type | Public note |
|---|---|---|---|---|---|---|---|---|---|---|---|---|
| Buone Condizioni | Not For Loan | SPICS-MEDIATECA | SPICS-MEDIATECA | 25/10/2013 | 23938 | 25/10/2013 | 25/10/2013 | DISCHI | Progr. Ins.: 4785 / N.Vol.: 1 / Copie: 1 - Copia rara: n.d. / date import: 01.01.2014 - By Epidotti, Trombetti, Vaglietti |